Biblioteca

BibleWorld : (Registro nro. 53821)

Detalles MARC
000 -LÍDER
Campo fijo de descripción fija 00917aas a2200229 4500
001 - NÚMERO DE CONTROL
Campo de control 768714001
003 - IDENTIFICADOR DEL NÚMERO DE CONTROL
Campo de control CO-MdFUSB
005 - FECHA Y HORA DE LA ULTIMA TRANSACCIÓN
control field 20171120155521.0
008 - ELEMENTOS DE LONGITUD FIJA -- INFORMACIÓN GENERAL
Campo fijo de descripción fija -- Información general 170808s1997 xxu||||| |||| 00| 0 eng d
022 ## - NÚMERO INTERNACIONAL NORMALIZADO PARA PUBLICACIONES SERIADAS
Número Internacional Normalizado para Publicaciones Seriadas 0098-9444
040 ## - FUENTE DE CATALOGACIÓN
Agencia Catalogadora CO-MdFUSB
Idioma de catalogación spa
Agencia que realiza la transcripción CO-MdFUSB
Agencia que realiza la modificación CO-MdFUSB
041 ## - CÓDIGO DE IDIOMA
Código de idioma para texto/pista de sonido o título separado eng
100 ## - ASIENTO PRINCIPAL--NOMBRE PERSONAL
Nombre personal Shanks, Hershel
Término relacionador autor
242 13 - TRADUCCIÓN DEL TÍTULO POR AGENCIA CATALOGADORA
Traducción del título El mundo de la biblia :
Traducción del subtítulo america necesita un museo de arqueología bíblica
245 10 - TÍTULO
Título BibleWorld :
Subtitulo america needs a museum af biblical archaeology
Mención de responsabilidad / Hershel Shanks
300 ## - DESCRIPCIÓN FÍSICA
Extensión Volumen 23. Número 5 (1997), página 6
Dimensiones : 28 cm.
520 ## - NOTA DE RESUMEN, ETC.
Nota de sumario, etc. Observación frente a la necesidad de un museo de arqueología bíblica en América por el incremento del turismo
546 ## - NOTA DE IDIOMA
Nota de idioma Texto en inglés
650 #7 - ASIENTO SECUNDARIO DE MATERIA - TERMINO TEMÁTICO
9 (RLIN) 403
Término temático o nombre geográfico como elemento de entrada Excavaciones arqueológicas
773 0# - ASIENTO DE ITEM FUENTE
Título Biblical Archaeology Review
Biblionumber 49395
Itemnumber 59488
Parte(s) relacionada(s) / Volumen., número. (mes año), páginas Volumen 23. Número 5 (1997), página 6
Enumeración y primera página Página 6
942 ## - TIPO DE MATERIAL (KOHA)
Tipo de Item KOHA Artículos de Revista
Existencias
Expurgo - (Retirado) Estado de Perdido Estado de Dañado No prestable Colección Ubicación habitual Ubicación actual Fecha de Adquisición Signatura Topográfica Tipo de Material
        Colección de Hemeroteca Biblioteca FUSBC Biblioteca FUSBC 26/01/2016 Artículos de Revista

Biblioteca FUSBC | Teléfono: (57+4) 349 88 10 Ext. 141| WhatsApp (+57) 3005338115 
E-mail: biblioteca@unisbc.edu.co | Calle 76 87-14 Robledo Palenque, Medellín, Colombia

Con tecnología Koha